FlabberBapper's Geography Challenge #5 - Statistics

General Stats
  • This quiz has been taken 37 times
  • The average score is 6 of 9
Answer Stats
Hint Answer % Correct
Smallest country in size and population Vatican City
95%
Country that exports the most oil Saudi Arabia
90%
Country that was residence to Anne Frank Netherlands
75%
Country with the most Christians in Asia Philippines
75%
Highest consumer of chocolate Switzerland
65%
Was once known as the Republic of Upper Volta Burkina Faso
60%
Country with the most official languages South Africa
60%
Buffer state during the "Great Game" Afghanistan
45%
Final Answer Correct!
15%
No matching quizzes found
Score Distribution
Percent of People with Each Score
Percentile by Number Answered
Your Score History
You have not taken this quiz